000 00688nam a2200193Ia 4500
008 250919t1944||||xx |||||||||||||| ||spa||
040 _agtgcusco
_bspa
_cgtgcusco
_dgtgcusco
041 _aspa
084 _aT53
100 _aAzpuru Pellecer, Federico
_98761
245 0 _aConsideraciones sobre la vitamina K en Odontología.
260 _aGuatemala :
_bUSAC,
_c1944
300 _a27 p. :
_bil. :
336 _atexto
_btxt
_2rdacontenido
337 _aSin mediación
_bn
_2rdamedio
338 _avolumen
_bnc
_2rdasoporte
502 _aTesis (Cirujano Dentista) -- Universidad de San Carlos de Guatemala, Facultad de Odontología. --
942 _aBiblioteca Facultad de Odontología
_cTESIS
_kT53
999 _c7223
_d7223